Normal view
MARC view
- المرأة - أحوال اجتماعية - الأردن - مقالات ومحاضرات
Entry Topical Term
001 - CONTROL NUMBER
- control field: 49597
003 - CONTROL NUMBER IDENTIFIER
- control field: JO-AjAnu
005 - DATE AND TIME OF LATEST TRANSACTION
- control field: 20230606082154.0
008 - FIXED-LENGTH DATA ELEMENTS
- fixed length control field: 230606|| aca||aabn | a|a d
040 ## - CATALOGING SOURCE
- Original cataloging agency: JO-AjAnu
- Transcribing agency: JO-AjAnu
150 ## - HEADING--TOPICAL TERM
- Topical term or geographic name entry element: المرأة - أحوال اجتماعية - الأردن - مقالات ومحاضرات
670 ## - SOURCE DATA FOUND
- Source citation: Work cat.: (JO-AjAnu)25361: عايش، حسني....وآخرون ؛ مراجعة وتقديم هند ابو الشعر, author 49596, المرأة والدور: نظرة اردنية